00414nam a2200133 a 45000010005000000030005000050050017000100080041000270400020000681000031000882450068001192600075001873000018002622188CDMR20130301113723.0130130s1983||||||||||||||||||||||||||||d aCDMRbcatcCDMR1 aMiret i Sole, Maria Teresa13aLa premsa a IgualadacMaria-Teresa Miret i Soléb(1808?-1982) aBarcelonac1983bDepartament de Cultura de la Generalitat de Catalunya a2 v. ;c18 cm